Kennisquiz 4 over de Heilige Schrift dus de Bijbel - Genesis - Statistieken

Algemene statistieken
  • Deze quiz is 17 keer genomen
  • De gemiddelde score is 23 van 41
Antwoordstatistieken
Hint Antwoord % Correct
Noem de twee belangrijkste mensen in het boek Genesis Adam
100%
Noem de twee belangrijkste mensen in het boek Genesis Eva
100%
Bij twee personen werd hun naam veranderd noem de nieuwe Abraham
93%
In welk land stierf Jozef Egypte
93%
Noem de belangrijkste christelijke feestdagen 3 Kerst
93%
Wat is geschapen op de zesde dag Mens
93%
Noem de belangrijkste christelijke feestdagen 1 Pasen
93%
Noem de belangrijkste christelijke feestdagen 2 Pinksteren
93%
Bij welke plaag stierven alle eerst geborenen, schrijf het getal 10
87%
Noem de twee zonen die ruzie hadden met elkaar Abel
87%
Noem de man die genoemd word in Genesis 5 6 7 8 Noach
87%
Welke twee heel belangrijke feiten staan/gebeuren in Genesis Zondvloed
87%
In wat veranderd het water van de rivier de Nijl Bloed
80%
Noem de twee zonen die ruzie hadden met elkaar Kain
80%
Zijn bloed kome over ons en onze ......... Kinderen
80%
Wat deed God op de zevende dag . . . . . . Rusten
80%
Noem de namen van zijn zonen Cham
73%
Geef een andere naam voor de hof v . . . . Eden
73%
Geef een andere naam voor de hof Paradijs
73%
Bij twee personen werd hun naam veranderd noem de nieuwe Sara
73%
Noem de namen van zijn zonen Sem
73%
Noem de namen van zijn zonen Jafeth
67%
Hoe oud werd Methusalah 969
60%
Wat is geschapen op de eerste dag Licht
60%
Welke twee heel belangrijke feiten staan/gebeuren in Genesis Schepping
60%
Wie wandelde met God en was niet meer Henoch
33%
Noem de vroegere woonplaatsen van Abram Ur
33%
In welke landstreek woonde het volk Israel daar Gosen
27%
Wat zal niet ophouden al de dagen der aarde Dag
20%
Wat zal niet ophouden al de dagen der aarde Nacht
20%
Wat zal niet ophouden al de dagen der aarde Oogst
20%
Wat is de Egyptenaars een gruwel Schaapherder
20%
Wat zal niet ophouden al de dagen der aarde Zaaiing
13%
Welk woord word gebruikt als de man de vrouw bevrucht Bekende
7%
Noem de bomen in de hof (woord 3) Boom des levens
7%
Wat zal niet ophouden al de dagen der aarde Hitte
7%
Wat zal niet ophouden al de dagen der aarde Koude
7%
Wat zal niet ophouden al de dagen der aarde Winter
7%
Wat zal niet ophouden al de dagen der aarde Zomer
7%
Noem de bomen in de hof (woord 8) Boom der kennis des goeds en des kwaads
0%
Noem de vroegere woonplaatsen van Abram Haran
0%
Geen overeenkomende quizzen gevonden
Scoreverdeling
Procent van Mensen met Elke Score
Percentiel versus Aantal Correcte Antwoorden
Uw Scoregeschiedenis
U heeft deze quiz nog niet genomen